La innovación y el empresariado innovador : la práctica y los principios /

Guardado en:
Autor Principal: Drucker, Peter F. 1909-2005.
Formato: Libro
Idioma:Spanish
English
Publicado: Buenos Aires : Editorial Sudamericana, 1994.
Edición:4a. ed.
Materias:
Etiquetas: Agregar Etiqueta
Sin Etiquetas, Sea el primero en etiquetar este registro!
LEADER 00845nam a22002175a 4500
001 EAD.ead001051
008 071017s1994####ag############000#0#spa#d
005 20071023084429.0
245 1 3 |a La innovación y el empresariado innovador :  |b la práctica y los principios /  |c Peter F. Drucker ; traducción de Maricel Ford. 
250 |a 4a. ed. 
260 |a Buenos Aires :  |b Editorial Sudamericana,  |c 1994. 
300 |a 307 p. ;  |c 20 cm. 
500 |a Traducción de: Innovation and entrepreneurship: practice and principles. 
020 |a 9500703416 
100 1 |a Drucker, Peter F.  |q (Peter Ferdinand),  |d 1909-2005. 
082 0 4 |a 658.4  |2 21 
650 7 |a Administración de empresas.  |2 unbist 
650 7 |a Estrategia empresarial.  |2 unbist 
650 7 |a Gerentes.  |2 unbist 
041 1 |a spa  |h eng 
859 |a AR-BaBDC  |b BIB. ADMINISTRACION - Libros  |h 658.4  |i D84-4a4  |p b02984